| 000 | 003370000a22001570004500 | ||
|---|---|---|---|
| 001 | 002993 | ||
| 003 | MACL | ||
| 040 | _aMACL | ||
| 090 |
_c14986 _d14985 |
||
| 100 | _aSingh, Maan | ||
| 245 |
_aThe Upnisadic Etymologies _cMaan Singh |
||
| 260 |
_aNirmal Publications, _c1999 |
||
| 350 | _a150 | ||
| 650 | _aReligion | ||
| 942 |
_k295 _cBook |
||
| 999 |
_c14899 _d14899 |
||